000 00942nam a2200265 i 4500
003 IT-RoINE
005 20180927092232.0
008 040115m19559999sp |r 001|||spa|d
040 _aUPSA
_cesslup IT-RoINE
_dIT-RoINE
100 1 _aSchnürer, Gustav,
_d1860-1941 ‎
_951672
245 1 3 _aLa Iglesia y la civilización occidental en la Edad Media /
_cGustav Schnürer ; versión de José Miguel de Azaola.
260 _aMadrid :
_bFAX,
_c1955.
300 _av. ;
_c24 cm.
336 _2rdacontent
_atext
337 _2rdamedia
_aunmediated
338 _2rdacarrier
_avolume
500 _aIncluye índices.
504 _aIncluye bibliografía al final de cada capítulo.
505 1 _aT. 1.
650 4 _aCivilización cristiana
_xHistoria
_951673
650 4 _aCivilización medieval
_910511
650 4 _aIglesia
_952574
_xHistoria
_y600-1500 (Edad media)
700 1 _934610
_aAzaola, José Miguel de,
_d1917-2007
942 _cMTS
999 _c26089
_d26089